Consultation on the implementation of Part 2 of the Commons Act 2006 (commons councils) (Record no. 108725)

MARC details
000 -LEADER
fixed length control field 01562cad a22002295a 4500
001 - CONTROL NUMBER
control field L145201
008 - FIXED-LENGTH DATA ELEMENTS--GENERAL INFORMATION
fixed length control field 080916e20080908xxk f f000 0 eng d
035 ## - SYSTEM CONTROL NUMBER
System control number (Sirsi) u145201
041 0# - LANGUAGE CODE
Language code of text/sound track or separate title eng
050 04 - LIBRARY OF CONGRESS CALL NUMBER
Classification number 346.4104343 $2 18
110 2# - MAIN ENTRY--CORPORATE NAME
Corporate name or jurisdiction name as entry element United Kingdom
Subordinate unit Department for Environment, Food and Rural Affairs
245 00 - TITLE STATEMENT
Title Consultation on the implementation of Part 2 of the Commons Act 2006 (commons councils)
Medium [electronic resource]
260 ## - PUBLICATION, DISTRIBUTION, ETC.
Place of publication, distribution, etc. London
Name of publisher, distributor, etc. DEFRA
Date of publication, distribution, etc. 2008
505 2# - FORMATTED CONTENTS NOTE
Formatted contents note Consultation letter -- List of consultees -- Consultation document -- Annexes: draft standard constitution for commons councils; model order x, establishment order for a small grouping of commons; model order y, establishment order for an 'umbrella' council; how to respond and summary of consultation questions; draft impact assessment
520 ## - SUMMARY, ETC.
Summary, etc. Consultation paper seeks views on the implementation of Part 2 of the Commons Act 2006; allowing for commons councils that would have powers to manage agricultural activities; vegetation and commoners' rights. Primarily concerned with the establishment and operation of these councils, the authors seek opinions on striking a balance between requirements and local flexibility. All responses to the consultation must be received by 28 November 2008.
521 ## - TARGET AUDIENCE NOTE
Target audience note Advanced
590 ## - LOCAL NOTE (RLIN)
Local note KA
651 #4 - SUBJECT ADDED ENTRY--GEOGRAPHIC NAME
Geographic name United Kingdom
Chronological subdivision
690 ## - LOCAL SUBJECT ADDED ENTRY--TOPICAL TERM (OCLC, RLIN)
Topical term or geographic name as entry element PROPERTY-COMMONHOLD PROPERTY
856 40 - ELECTRONIC LOCATION AND ACCESS
Uniform Resource Identifier <a href="https://www.defra.gov.uk/corporate/consult/commons-act/index.htm">https://www.defra.gov.uk/corporate/consult/commons-act/index.htm</a>
Public note View the item free of charge online at www.defra.gov.uk...
942 ## - ADDED ENTRY ELEMENTS (KOHA)
Suppress in OPAC 0
Holdings
Withdrawn status Lost status Source of classification or shelving scheme Damaged status Not for loan Home library Current library Shelving location Date acquired Total Checkouts Full call number Barcode Date last seen Copy number Price effective from Koha item type
    Dewey Decimal Classification     Virtual Virtual Online 16/09/2008   ONLINE PUBLICATION 145201-1001 06/08/2019 1 06/08/2019 Book